Joueurs de l'OM 2023/2024 - Statistiques

Statistiques générales
  • Ce quiz a été pris 262 fois
    214 depuis la dernière actualisation
  • Le résultat moyen est 17 sur 45
Statistiques - réponses
Poste Réponse % Correct
G Pau Lopez
94%
D Leonardo Balerdi
85%
A Pierre-Emerick Aubameyang
84%
D Jonathan Clauss
81%
D Chancel Mbemba
80%
M Jordan Veretout
76%
D Samuel Gigot
76%
G Ruben Blanco
74%
A Amine Harit
73%
M Valentin Rongier
73%
D Quentin Merlin
68%
A Iliman Ndiaye
59%
M Geoffrey Kondogbia
58%
A Ismaila Sarr
56%
M Azzedine Ounahi
55%
D Bamo Meité
55%
D Amir Murillo
54%
A Luis Henrique
54%
D Ulisses Garcia
51%
A Faris Moumbagna
49%
A Joaquin Correa
41%
M Bilal Nadir
39%
M Emran Soglo
36%
M Jean Onana
35%
G Simon Ngapandouetnbu
33%
M Pape Gueye
31%
G Jelle Van Neck
26%
D Stéphane Sparagna
20%
D Roggerio Nyakossi
14%
D Amay Caprice
11%
D Léo Jousselin
11%
M Raimane Daou
10%
A Alexandre Tunkadi
9%
D Brice Negouai
9%
A Pedro Ruiz
9%
A Sofiane Sidi Ali
9%
M Noam Mayoka-tika
8%
D Yakine Said M'Madi
8%
M Paolo Sciortino
7%
A Iuri Moreira
6%
M Soumaila Traoré
6%
A Alexis Kabamba
5%
A Ange Lago
2%
M Rayan Hassad
1%
A Sayha Seha
1%
Aucun quiz correspondant
Distribution des résultats
% des personnes avec chaque résultat
Percentile par nombre de réponses
Votre historique - résultats
Vous n’avez pas pris ce quiz depuis la dernière actualisation